| 000 | 00570nam a2200181 i 4500 | ||
|---|---|---|---|
| 001 | 120194 | ||
| 003 | ES-MaACL | ||
| 005 | 20251012063050.0 | ||
| 007 | t| | ||
| 008 | 070214s1968 sp r ||||1| spa d | ||
| 100 | 1 |
_aPérez Vidal, José, _d1907-1990 _9160934 |
|
| 245 | 1 | 0 |
_aTalavera _b: apelativo de loza / _cJosé Pérez Vidal. |
| 260 |
_aBarcelona : _bMuseu de Cerámica Popular Portuguesa, _c1968. |
||
| 300 |
_a19 p., 2 lám. ; _c23 cm. |
||
| 500 | _aEs tirada aparte de Olaria. | ||
| 852 |
_aES-MaACL _j2087-F-12 _bR.89895 |
||
| 999 |
_c120194 _d120194 |
||